Glyn's, 1753-1953 : six generations in Lombard Street.

Bibliographic Details
Main Author: Fulford, Roger, 1902-1983
Format: Book
Language:English
Published: London : New York : Macmillan; St. Martin's Press, 1953.
Subjects:

MARC

Tag First Indicator Second Indicator Subfields
LEADER 00000cam a2200000 4500
001 in00000075461
005 20151008052643.0
008 740708s1953 enk 00000 eng u
010 |a  54000413  
035 |a (OCoLC)00937593 
035 |9 AAH4317AM 
040 |c OSU  |d TXA  |d UtOrBLW 
049 |a TXAM  |c [230588] 
050 0 |a HG3000.L84  |b G55 
082 0 |a 332.1065 
092 |a 332.10942  |b F962g 
100 1 |a Fulford, Roger,  |d 1902-1983. 
245 1 0 |a Glyn's, 1753-1953 :  |b six generations in Lombard Street. 
264 1 |a London :  |b Macmillan;  |a New York :  |b St. Martin's Press,  |c 1953. 
300 |a xvi, 266 pages :  |b illustrations (part color), portraits (part color) ;  |c 22 cm. 
336 |a text  |b txt  |2 rdacontent 
337 |a unmediated  |b n  |2 rdamedia 
338 |a volume  |b nc  |2 rdacarrier 
610 2 0 |a Glyn, Mills and Company. 
999 |a MARS 
999 f f |s 5c0c6623-7466-3b2c-b3d8-1d2b502098f5  |i 2e653ac4-6175-3f99-b607-8e93626b7f20  |t 0 
952 f f |p ric  |a Texas A&M University  |b Rellis Campus  |c Joint Library Facility  |d Remote Storage  |t 0  |e HG3000.L84 G55  |h Library of Congress classification  |i unmediated -- volume  |m A14800729164 
998 f f |a HG3000.L84 G55  |t 0  |l Remote Storage